1315 1287 1018 1134 1071 1593 1902 1264 1833 1013 1625 1648 1111 1291 1409 1863 1220 1184 1776 1349 1405 1575 1078 1560 1929 1223 1308 1029 1198 1010 1053 1332 1023 1511 1836 1646 1804 1547 1060 1792 1681 1542 1887 1408 1892 1693 1291 1218 1540 1112 1590 1616 1979 1275 1270 1027 1082 1940 1141 1055 1766 1978 1772 1370 1926 1688 1240 1909 1467 1257 1251 1689 1855 1303 1978 1028 1105 1799 1202 1188 1652 1643 1179 1110 1736 1385 1653 1320 1703 1503 1983 1423 1537 1965 1391 1868 1029 1936 1062 BCNSPRNW ULIB Ver.6.0+V

เปลี่ยนเป็นภาษาไทย

Change to English
 แสดงรายละเอียดบรรณานุกรม
  กลับหน้าหลัก

Brief Record : Get Marc (ISO 2709) : E-mail record : QR code < ปิดหน้าต่าง
LEADER : 00000nam 2200000uu 4500
001    13399124429
003     ULIB
008    150713s2557||||th 000 0 tha d
020    ^a9786161123178
060 04 ^aWA900.JT3^bส356
245 00 ^aสรุปรายงานการป่วย พ.ศ. 2556 /^cสำนักนโยบายและยุทธศาสตร์ กระทรวงสาธารณสุข
260    ^aนนทบุรี :^bสำนักนโยบายและยุทธ,^c2556
300    ^aก-จ, 179 หน้า :^bตาราง แผนภูมิ;^c30 ซม.
310    ^aรายปี,^b2556
650  4 ^aความเจ็บป่วย^zไทย^vสถิติ
650  4 ^aโรค^vสถิติ
710 2  ^aสำนักนโยบายและยุทธศาสตร์
945    ^p0^l0^i039534
945    ^p0^l0^i039535
999    ^aเกษร โพธิ์สุวรรณ
รายการนี้ยังไม่มีแท็ก
คุณยังไม่ได้ล็อกอิน คุณสามารถมีกิจกรรมร่วมกับเว็บไซต์ได้ แต่ต้องล็อกอินก่อน ::
  ล็อกอิน

รายการสื่อสารสนเทศ

ลำดับที่ ประเภท เลขเรียก/บาร์โค้ด สถานที่ สถานะ
1. วิทยาศาสตร์การแพทย์ และสุขภาพ
หนังสือสำรอง
สถานะ=หนังสือสำรอง
WA900.JT3 ส356 ฉ.1 
  Barcode: 039534
ห้องสมุดวิทยาเขตสวรรค์ประชารักษ์
►ส่วนจัดเก็บหนังสือเก่า สปร
บนชั้น
  ขอยืม
2. วิทยาศาสตร์การแพทย์ และสุขภาพ
วิทยาศาสตร์การแพทย์ และสุขภาพ
WA900.JT3 ส356 ฉ.2 
  Barcode: 039535
ห้องสมุดวิทยาเขตสวรรค์ประชารักษ์
►ส่วนจัดเก็บหนังสือเก่า สปร
บนชั้น
  ขอยืม

BibComment


ยังไม่เคยถูกคอมเมนท์

คอมเมนท์ทรัพยากรรายการนี้
  คอมเมนท์: สรุปรายงานการป่ว..


 Copyright 2026. Bcnsprnw @Library